000
00261nam a22001217a 4500
999
_c
13374
_d
13374
020
_a
9789694075297
082
_a
310
100
_a
Waheed, Abdul
245
_a
Statistical Analysis
260
_a
Karachi
_b
Royal Book Company
_c
2022
300
_a
296
942
_c
BK